| 000 | 00535nam a2200193Ia 4500 | ||
|---|---|---|---|
| 005 | 20250326141803.0 | ||
| 008 | 250326s9999 xx 000 0 und d | ||
| 020 | _a0-07-451745-7 | ||
| 037 | _aTextbook | ||
| 040 |
_aFMSL _beng _cFMSL |
||
| 041 |
_aeng _2eng |
||
| 084 |
_aL:14(D658(B)) M8 _qFMSL |
||
| 100 | _aLele R D | ||
| 245 | 0 |
_aComputer in medicine _cLele R D |
|
| 260 |
_aNew Delhi _bNew Delhi, Tata Mc Graw-Hill _c1988 |
||
| 300 | _axv,248 | ||
| 942 |
_cTB _hL:14(D658(B)) M8 |
||
| 999 |
_c1291971 _d1291971 |
||